Economic Survey of Europe in 1986-1987
Uložené v:
| Médium: | Kniha |
|---|---|
| Jazyk: | English |
| Vydavateľské údaje: |
New York
Economic Commission for Europe
1987
|
| Vydanie: | 1. ed. |
| Tagy: |
Žiadne tagy, Buďte prvý, kto otaguje tento záznam!
|
MARC
| LEADER | 00000nam a2200000 4500 | ||
|---|---|---|---|
| 001 | c023295 | ||
| 005 | 20221219115741.9 | ||
| 041 | 0 | |a eng | |
| 044 | |a US | ||
| 245 | 1 | 0 | |a Economic Survey of Europe in 1986-1987 |
| 250 | |a 1. ed. | ||
| 264 | 1 | |a New York |b Economic Commission for Europe |c 1987 | |
| 300 | |a 358 s. | ||